000
00312nam a2200121Ia 4500
008
220204s9999 xx 000 0 und d
082
_a
631.67
_b
MAN.1
245
0
_a
Scientific review in arid zone research V 1.
260
_a
Jodhpur
_b
Scientific
_c
1983
650
_a
Arid zone
700
_a
Mann, H S
942
_c
BK
999
_c
37182
_d
37182